000 006570000a22001930004500
999 _c54379
_d54379
001 768714001
003 CO-MdFUSB
005 20170824114320.0
008 170824s2002 xxu||||| |||| 00| 0 eng d
022 _a0120-3649
040 _aCO-MdFUSB
_bspa
_cCO-MdFUSB
_dCO-MdFUSB
041 _aeng
100 1 _aShanks, Hershel
_eautor
245 1 0 _aScrolls, Scripts & Stelae :
_ba norwegian collector shows BAR his rare inscriptions
300 _aVolumen 28. Número 5 (2002), Páginas 24-34
_c28 cm.
546 _aTexto en inglés
773 0 _tBiblical Archaeology Review
_049395
_959460
_gVolumen 28. Número 5 (2002), Páginas 24-34
_qPágina 24
942 _cANA